| 000 | 00922nam a2200289 c 4500 | ||
|---|---|---|---|
| 003 | BLK | ||
| 005 | 20180420222623.0 | ||
| 008 | 180408b bul|||||r ||||||| ||bul|| | ||
| 010 | _aKNG00060731000 | ||
| 020 |
_a92-826-7894-6 _bиздат.: ECSC-EC-EAEC |
||
| 040 | _aBLK | ||
| 041 |
_aBUL _cBUL |
||
| 080 |
_aЕвропейски съюз (икон. аспекти) _b339.923:061.1ЕС _x _z339.923:061.1ЕС |
||
| 139 |
_aЕвропейският съюз - ваш съсед _bЕ 19 |
||
| 245 | 1 | 0 | _aЕвропейският съюз - ваш съсед |
| 257 | _aBGR | ||
| 260 |
_аBrussels _bECSC-EC-EAEC _c1995 |
||
| 300 |
_a51 с. _c23 см |
||
| 380 | _a3 | ||
| 490 | 1 | _aEuropean documentation series | |
| 650 | 4 |
_aЕвропейски съюз _9258188 |
|
| 852 | _aЦб 188625 | ||
| 856 | 4 |
_qpdf _u |
|
| 856 | 4 |
_qpdf _u |
|
| 942 |
_cKNG _n0 |
||
| 944 |
_aCR _c13.06.2004 _kГеновева_Генчева |
||
| 944 |
_aED _c27.01.2011 _k |
||
| 999 |
_c56745 _d56745 |
||